000
00265nam a22000977a 4500
008
160507b xxu||||| |||| 00| 0 eng d
041
_a
eng
080
_a
573
245
_a
Biologykonceptas connections:
_c
Neil A.Campbell;Jane B. Reece; Martha R.Taylor;
942
_2
udc
_c
BK
999
_c
1882
_d
1882